Φωτοερμηνεία - Τηλεπισκόπηση
Αποθηκεύτηκε σε:
| Κύριος συγγραφέας: | |
|---|---|
| Μορφή: | Βιβλίο |
| Γλώσσα: | Greek |
| Δημοσίευση: |
Αθήνα :
Ίων,
2003
|
| Θέματα: | |
| Ετικέτες: |
Προσθήκη ετικέτας
Δεν υπάρχουν, Καταχωρήστε ετικέτα πρώτοι!
|
MARC
| LEADER | 00000cam a2200000 i 4500 | ||
|---|---|---|---|
| 001 | 1/86995 | ||
| 008 | 051007s2003 gre d | ||
| 020 | |a 960-411-297-X | ||
| 035 | |l 10080703 | ||
| 040 | |a GR-MY-UA |b gre |e aacr | ||
| 041 | 0 | |a gre | |
| 082 | 0 | |a 621.367 |2 (22) | |
| 100 | 1 | |a Μηλιαρέσης, Γιώργος Χαρ. | |
| 245 | 1 | 0 | |a Φωτοερμηνεία - Τηλεπισκόπηση / |c Γιώργος Χαρ. Μηλιαρέσης |
| 260 | |a Αθήνα : |b Ίων, |c 2003 | ||
| 300 | |a 243 σ.; |b εικ., πίν.; |c 30 εκ. | ||
| 500 | |a Το Παράρτημα Λέσβου διαθέτει και την ανατύπωση του 2006 | ||
| 504 | |a Περιέχει βιβλιογραφικές παραπομπές | ||
| 650 | 0 | 0 | |a Remote sensing. |
| 650 | 0 | 0 | |a Image processing. |
| 852 | |a INST |b LESVOS |e 20051007 |h 621.367 ΜΗΛ |p 005100032752 |q 005100032752 |t BK |y 0 | ||
| 852 | |a INST |b LESVOS |e 20071001 |h 621.367 ΜΗΛ |p 005100040981 |q 005100040981 |t BK |y 0 | ||
| 852 | |a INST |b LESVOS |e 20100616 |h 621.367 ΜΗΛ |p 005100047978 |q 005100047978 |t BK |y 0 | ||
| 852 | |a INST |b LESVOS |e 20100616 |h 621.367 ΜΗΛ |p 005100047979 |q 005100047979 |t BK |y 0 | ||
| 901 | |a BIBL1-2005-3 | ||
| 901 | |a BIBL1-2007-3 | ||
| 909 | |a Λ |b 123943 | ||
| 909 | |a Λ |b 136604 | ||
| 909 | |a Λ |b 164814 | ||
| 909 | |a Λ |b 164815 | ||
| 922 | |a 1ΕΛΗ |b 200707 |c ΕΠΕΑΕΚ2/ΤΓ |d Σ. ΠΑΤΑΚΗΣ | ||
| 970 | |a ΚΑΡΑ |b ΓΙΑΣΕΜΗ |z 2005/10/07 | ||